书目信息 |
| 题名: |
文学语言美学修辞
|
|
| 作者: | 雷淑娟 著 | |
| 分册: | ||
| 出版信息: | 上海 学林出版社 2004 |
|
| 页数: | 286页 | |
| 开本: | 21cm | |
| 丛书名: | 上海财经大学国际文化交流学院学术丛书 | |
| 单 册: | ||
| 中图分类: | I045 | |
| 科图分类: | ||
| 主题词: | 文学语言--修辞--研究 | |
| 电子资源: | ||
| ISBN: | 7-80668-806-4 | |
| 000 | 01143nam0 2200325 450 | |
| 000 | 01106nam0 2200313 450 | |
| 000 | 01086nam0 2200325 450 | |
| 000 | 01032nam0 2200301 450 | |
| 000 | 01061nam0 2200289 450 | |
| 000 | 01024nam0 2200277 45 | |
| 001 | TS2006038630 | |
| 005 | 20061221100512.34 | |
| 010 | @a7-80668-806-4@dCNY19.00 | |
| 100 | @a20060829d2004 em y0chiy0110 ea | |
| 101 | 0 | @achi |
| 102 | @aCN@b310000 | |
| 105 | @ay z 000yy | |
| 200 | 1 | @a文学语言美学修辞@Awen xue yu yan mei xue xiu ci@f雷淑娟著@Flei shu juan zhu |
| 210 | @a上海@c学林出版社@d2004 | |
| 215 | @a286页@d21cm | |
| 225 | 2 | @a上海财经大学国际文化交流学院学术丛书 |
| 330 | @a本书共四章,介绍了文学语言的基本理论、文学语言节律美的言语生成策略、文学语言意象美的言语生成策略、文学语言模糊美的言语策略等。 | |
| 410 | 0 | @12001 @a上海财经大学国际文化交流学院学术丛书 |
| 606 | 0 | @a文学语言@x修辞@x研究 |
| 690 | @aI045@v4 | |
| 701 | 0 | @a雷淑娟@Alei shu juan@4著 |
| 801 | 0 | @aCN@b中图数据@c20061221 |
| 905 | @a10447@dI045@e132 | |
| 文学语言美学修辞/雷淑娟著.-上海:学林出版社,2004 |
| 286页;21cm.-(上海财经大学国际文化交流学院学术丛书) |
| ISBN 7-80668-806-4:CNY19.00 |
| 本书共四章,介绍了文学语言的基本理论、文学语言节律美的言语生成策略、文学语言意象美的言语生成策略、文学语言模糊美的言语策略等。 |
| ● |
| 相关链接 |
|
|
|
|
正题名:文学语言美学修辞
索取号:I045/132
 
预约/预借
| 序号 | 登录号 | 条形码 | 馆藏地/架位号 | 状态 | 备注 |
| 1 | 0607366 | 206073666 | 第一样本阅览室/ [索取号:I045/132] | 在馆 | |
| 2 | 0607367 | 206073675 | 第二借阅区/ [索取号:I045/132] | 在馆 | |
| 3 | 0607368 | 206073684 | 第二借阅区/ [索取号:I045/132] | 在馆 | |
| 4 | 0607369 | 206073693 | 第二借阅区/ [索取号:I045/132] | 在馆 | |
| 5 | 0607370 | 206073700 | 第二借阅区/ [索取号:I045/132] | 在馆 | |
| 6 | 0607371 | 206073719 | 第二借阅区/ [索取号:I045/132] | 在馆 |